[Event "Komercni Banka op"]
[Site "Olomouc"]
[Date "1995.??.??"]
[Round "9"]
[White "Fiala, Jaroslav"]
[Black "Hladik, Josef"]
[Result "0-1"]
[WhiteElo "1980"]
[BlackElo "2195"]

1.d4 d5 2.Nf3 Nf6 3.c4 c6 4.Nc3 e6 5.e3 Nbd7 6.Bd3 dxc4 7.Bxc4 b5 8.Bd3 Bb7
9.O-O a6 10.e4 c5 11.e5 cxd4 12.Nxb5 Ng4 13.Nbxd4 Ngxe5 14.Nxe5 Nxe5 15.Qa4+ Qd7
16.Qxd7+ Nxd7 17.Be3 Nf6 18.Bc2 Nd5 19.Ba4+ Ke7 20.Bd2 Kf6 21.Nf3 h6 22.Bb3 Bd6
23.Rac1 Ke7 24.Rc2 Nf4 25.Be3 g5 26.Rfc1 Be4 27.Rd2 Rhc8 28.Rxc8 Rxc8 29.Bxf4 Bxf4
30.Rd1 Bc1 31.Nd2 Bxd2 32.Rxd2 Rc1+ 33.Rd1 Rxd1+ 34.Bxd1 Kd6 35.f3 Bd5 36.a3 Kc5
37.Kf2 Kd4 38.Ke2 e5 39.g3 f5 40.Kd2 h5 41.Be2 f4 42.gxf4 exf4 43.b3 a5 44.b4 a4
45.Bd1 Bc6 46.Be2 Bd7 47.Bd1 g4 48.fxg4 hxg4 49.Be2 f3 50.Bf1 Bc6 51.Ba6 Bd7
52.Bf1 Ke4 53.Ba6 Kf4 54.Bb7 Bb5  0-1

[Event "CRO-chT2"]
[Site "Opatija"]
[Date "1995.??.??"]
[Round "?"]
[White "Arbanas, Josip"]
[Black "Cajzler, Hinko"]
[Result "1/2-1/2"]
[WhiteElo "2135"]
[BlackElo "2215"]

1.Nf3 d5 2.d4 Nf6 3.c4 c6 4.Nc3 e6 5.e3 Be7 6.Qc2 Nbd7 7.Be2 dxc4 8.Bxc4 b5
9.Bd3 Bb7 10.a4 b4 11.Ne4 Rc8 12.O-O Nxe4 13.Bxe4 Nf6 14.Bd3  1/2-1/2

[Event "Orel"]
[Site "Orel"]
[Date "1995.??.??"]
[Round "7"]
[White "Chekhov, Valery A"]
[Black "Savon, Vladimir A"]
[Result "1/2-1/2"]
[WhiteElo "2500"]
[BlackElo "2390"]

1.Nf3 Nf6 2.c4 c6 3.Nc3 d5 4.e3 e6 5.d4 Nbd7 6.Bd3 dxc4 7.Bxc4 b5 8.Bd3 a6
9.e4 c5 10.d5 c4 11.Bc2 e5 12.O-O Bd6 13.Ne2 O-O 14.Ng3 Nc5 15.b3  1/2-1/2

[Event "Osterskars op"]
[Site "Osterskars"]
[Date "1995.??.??"]
[Round "2"]
[White "Lechtynsky, Jiri"]
[Black "Chernin, Alexander"]
[Result "0-1"]
[WhiteElo "2435"]
[BlackElo "2600"]

1.Nf3 d5 2.d4 Nf6 3.c4 e6 4.Nc3 c6 5.e3 Nbd7 6.Qc2 Bd6 7.Bd2 O-O 8.h3 Qe7
9.g4 dxc4 10.g5 Nd5 11.Bxc4 Nb4 12.Qb1 b6 13.a3 Ba6 14.Bxa6 Nxa6 15.Qd3 Nc7
16.O-O-O Rfc8 17.Kb1 b5 18.Ne4 c5 19.dxc5 Bxc5 20.h4 Nd5 21.h5 Rab8 22.g6 h6
23.Nc3 N5b6 24.Ne2 f6 25.Ned4 Nc4 26.Be1 Nde5 27.Nxe5 fxe5 28.Nc2 Rd8 29.Qe2 Rxd1+
30.Qxd1 Rd8 31.Qg4 Qf6 32.Bc3 Qf5 33.Rg1 Nd2+ 34.Kc1 Nb3+ 35.Kb1 Nd2+ 36.Kc1 Ne4
37.Qxf5 exf5 38.Bxe5 Nxf2 39.Bd4 Nd3+ 40.Kb1 Bxd4 41.Nxd4 f4 42.Ne6 Rd6 43.Nxf4 Nxf4
44.exf4 Rd4 45.Rf1 Kf8 46.Kc2 Ke7 47.Re1+ Kf6 48.Re5 a6 49.Rc5 Rxf4 50.b4 Rf5
51.Kc3 Rf3+ 52.Kb2 Rg3 53.Rc6+ Kg5 54.Rxa6 Kxh5 55.Ra5 Rg5 56.a4 bxa4 57.Rxg5+ hxg5
58.b5 g4 59.b6 g3 60.b7 g2 61.b8=Q g1=Q 62.Qb5+ Kxg6 63.Qxa4 Qf2+ 64.Kc3 Qe3+
65.Kc2 Kh5 66.Qc6 g5 67.Qh1+ Kg4 68.Qg2+ Kf4 69.Qh2+ Qg3 70.Qd2+ Kf3 71.Qd5+ Kf2
72.Qd2+ Kf1 73.Qd1+ Qe1 74.Qd5 Qe2+ 75.Kc1 Qe3+ 76.Kd1 Qe2+ 77.Kc1 g4 78.Qh1+ Kf2
79.Qh2+ Kf3 80.Qh1+ Kg3 81.Qg1+ Kf4 82.Qd4+ Kf3 83.Qd5+ Kf2 84.Qf5+ Kg1 85.Qh5 Qe1+
86.Kc2 g3 87.Kd3 g2 88.Qh3 Qe5 89.Kd2 Kf2 90.Qh4+ Kf3 91.Qh3+ Qg3 92.Qh5+ Qg4
93.Qd5+ Kg3 94.Qc5 Qf4+ 95.Kc2 Qf2+  0-1

[Event "Osterskars op"]
[Site "Osterskars"]
[Date "1995.??.??"]
[Round "6"]
[White "Gabriel, Christian"]
[Black "Chernin, Alexander"]
[Result "0-1"]
[WhiteElo "2475"]
[BlackElo "2600"]

1.d4 d5 2.c4 c6 3.Nf3 Nf6 4.Nc3 e6 5.e3 Nbd7 6.Qc2 Bd6 7.Bd2 O-O 8.h3 a6
9.O-O-O dxc4 10.Bxc4 c5 11.dxc5 Nxc5 12.e4 b5 13.Be3 Qc7 14.Rxd6 Qxd6 15.e5 Qc7
16.Be2 Ne8 17.Nd5 exd5 18.Qxc5 d4 19.Qxc7 Nxc7 20.Nxd4 Bb7 21.Nf5 Ne6 22.f3 f6
23.exf6 Rxf6 24.Bd3 Raf8 25.Nd6 Bd5 26.Ne4 R6f7 27.Nc3 Rc8 28.Bc2 Bc4 29.b3 Bxb3
30.axb3 Rxc3 31.Bd2 Rc8 32.Kb2 Nf4 33.Be4 Kh8 34.g4 Ne2 35.Ra1 Nd4 36.Rxa6 Nxf3
37.Bc3 b4 38.Bxb4 Nd4 39.Ra2 Rf4 40.Bb1  0-1

[Event "HUN-ch U20"]
[Site "Paks"]
[Date "1995.??.??"]
[Round "?"]
[White "Korpics, Zsolt"]
[Black "Bodo, Norbert"]
[Result "1-0"]
[WhiteElo "2315"]
[BlackElo "2280"]

1.Nf3 Nf6 2.c4 c6 3.d4 d5 4.Nc3 e6 5.e3 Bd6 6.Qc2 O-O 7.Bd3 Nbd7 8.O-O dxc4
9.Bxc4 e5 10.h3 exd4 11.exd4 Nb6 12.Bb3 h6 13.Bxh6 gxh6 14.Qg6+ Kh8 15.Qxh6+ Nh7
16.Ne4 f6 17.Nxd6 Qxd6 18.Bc2 Rf7 19.Ng5 Qf8 20.Nxf7+ Qxf7 21.Bxh7 Qxh7 22.Qxf6+ Qg7
23.Qd8+ Kh7 24.Rae1 Nd5 25.Re5 Qf7 26.Qh4+ Kg7 27.Rg5+  1-0

[Event "Pamplona op"]
[Site "Pamplona"]
[Date "1995.??.??"]
[Round "?"]
[White "Vera, Reynaldo"]
[Black "Oms Pallise, Josep"]
[Result "1-0"]
[WhiteElo "2500"]
[BlackElo "2350"]

1.c4 c6 2.Nf3 d5 3.e3 Nf6 4.Nc3 e6 5.d4 Nbd7 6.Qc2 Bd6 7.Bd3 O-O 8.O-O e5
9.cxd5 cxd5 10.e4 exd4 11.Nxd5 Nxd5 12.exd5 Nf6 13.Nxd4 Nxd5 14.Bxh7+ Kh8
15.Bg5 Nf6 16.Nf5 Ne4 17.Qxe4 Qf6 18.Nxd6 Qxd6 19.Bf4 Qb6 20.Rad1 Be6 21.Rd6 Qb5
22.Be5 Rae8 23.a4 Qc4 24.Rd4  1-0

[Event "Pamplona op"]
[Site "Pamplona"]
[Date "1995.??.??"]
[Round "?"]
[White "Komljenovic, Davor"]
[Black "Vera, Reynaldo"]
[Result "1/2-1/2"]
[WhiteElo "2465"]
[BlackElo "2485"]

1.d4 d5 2.c4 e6 3.Nc3 c6 4.e3 Nf6 5.Nf3 Nbd7 6.Qc2 Bd6 7.Bd3 O-O 8.O-O Qe7
9.Re1 dxc4 10.Bxc4 e5  1/2-1/2

[Event "Pardubice op"]
[Site "Pardubice"]
[Date "1995.??.??"]
[Round "?"]
[White "Tunik, Gennady"]
[Black "Thesing, Matthias"]
[Result "0-1"]
[WhiteElo "2515"]
[BlackElo "2410"]

1.d4 d5 2.c4 c6 3.Nc3 Nf6 4.Nf3 e6 5.e3 Nbd7 6.Bd3 a6 7.e4 dxc4 8.Bxc4 c5
9.e5 Ng4 10.h3 cxd4 11.hxg4 dxc3 12.bxc3 Qc7 13.Qd4 b5 14.Be2 Be7 15.Bd2 Bb7
16.Qf4 Nc5 17.c4 Ne4 18.cxb5 g5 19.Qe3 Bc5 20.Rc1 Bxe3 21.Rxc7 Bxf2+ 22.Kd1 Bd5
23.Bb4 Bb6 24.Re7+ Kd8 25.bxa6 h6 26.Kc2 Rc8+ 27.Kb2 Rc7 28.Rxc7 Kxc7 29.Rc1+ Kb8
30.Bc4 Ka7 31.Bb5 h5 32.Rh1 Rb8 33.a4 hxg4 34.Ne1 Bd4+ 35.Ka3 Nc3 36.Bd3 Nd1
37.a5 Bb2+ 38.Ka4 Nc3+  0-1

[Event "Pardubice op"]
[Site "Pardubice"]
[Date "1995.??.??"]
[Round "?"]
[White "Greenfeld, Alon"]
[Black "Dolezal, Radoslav Jr"]
[Result "1-0"]
[WhiteElo "2570"]
[BlackElo "2260"]

1.d4 d5 2.c4 e6 3.Nf3 Nf6 4.Nc3 c6 5.e3 Nbd7 6.Bd3 Bd6 7.O-O O-O 8.e4 dxe4
9.Nxe4 Nxe4 10.Bxe4 f5 11.Bc2 e5 12.c5 Be7 13.Nxe5 Nxe5 14.dxe5 Bxc5 15.Bb3+ Kh8
16.Qxd8 Rxd8 17.e6 b6 18.Bf4 Re8 19.Rfe1 Bb4 20.Re2 h6 21.Rd1 Be7 22.Be5 Kh7
23.Bc3 Bc5 24.Bc2 g6 25.Bb3 Rb8 26.e7 Rxe7 27.Rd8 g5 28.Rxe7+ Bxe7 29.Rh8+ Kg6
30.Rg8+ Kh5 31.h3 f4 32.Bf7+ Kh4 33.Rh8  1-0

[Event "Pardubice op"]
[Site "Pardubice"]
[Date "1995.??.??"]
[Round "?"]
[White "Romanov, Oleg"]
[Black "Zontakh, Andrey"]
[Result "1-0"]
[WhiteElo "2345"]
[BlackElo "2460"]

1.d4 d5 2.c4 c6 3.Nc3 Nf6 4.e3 e6 5.Nf3 Nbd7 6.Bd3 dxc4 7.Bxc4 b5 8.Bd3 a6
9.e4 c5 10.e5 cxd4 11.Nxb5 axb5 12.exf6 gxf6 13.O-O Qb6 14.Qe2 Ba6 15.Rd1 Bc5
16.a3 Bd6 17.b4 Ne5 18.Be4 Bb7 19.Nxd4 Bxe4 20.Qxe4 Rd8 21.Be3 Qa6 22.a4 bxa4
23.b5 Qa8 24.Qxa8 Rxa8 25.Nxe6 Nc4 26.Ng7+ Kf8 27.Nf5 Nxe3 28.fxe3 Bc7 29.Rd7 Bb6
30.Rb7 Bd8 31.Rd1 h5 32.b6 Kg8 33.Rdd7 Kh7 34.Rxf7+ Kg6 35.e4 h4 36.Rg7+ Kh5
37.g4+  1-0

[Event "Paris op"]
[Site "Paris"]
[Date "1995.??.??"]
[Round "?"]
[White "Horvath, Jozsef"]
[Black "Payen, Arnaud"]
[Result "1-0"]
[WhiteElo "2515"]
[BlackElo "2380"]

1.d4 d5 2.c4 c6 3.Nc3 Nf6 4.e3 e6 5.Nf3 Nbd7 6.Qc2 b6 7.Be2 Bb7 8.O-O Be7
9.Rd1 O-O 10.e4 dxe4 11.Nxe4 Qc7 12.Bg5 Rfe8 13.Nxf6+ Nxf6 14.c5 Nd7 15.Rac1 a5
16.h3 Ba6 17.Bxe7 Rxe7 18.Ng5 Nf6 19.cxb6 Qxb6 20.Bf3 Rc7 21.Rd2 Rd8 22.Qc5 Qxc5
23.Rxc5 Bb5 24.b3 a4 25.bxa4 Bxa4 26.Ra5 Bb5 27.a4 Bc4 28.Rc2 Bd5 29.Bxd5 exd5
30.Nf3 Rdc8 31.Ne5 Nd7 32.Nxd7 Rxd7 33.Rxc6 Re8 34.Rcc5 Red8 35.Rab5 Kf8
36.a5 Ke7 37.Kf1 Ke6 38.Ke2 h5 39.Kd3 Ra8 40.Kc3 h4 41.Kb4 g5 42.Rc6+ Kf5
43.a6 Ke4 44.Kc5 Rda7 45.Rbb6 Kd3 46.Kxd5 Ke2 47.Rb2+ Kf1 48.f4 Rd7+ 49.Ke4 Re8+
50.Kf3 Rxd4 51.Rf2+  1-0

[Event "Paris op"]
[Site "Paris"]
[Date "1995.??.??"]
[Round "?"]
[White "Horvath, Csaba"]
[Black "Sellos, Didier"]
[Result "1/2-1/2"]
[WhiteElo "2500"]
[BlackElo "2410"]

1.d4 d5 2.c4 c6 3.Nc3 Nf6 4.Nf3 e6 5.e3 Nbd7 6.Bd3 dxc4 7.Bxc4 b5 8.Bd3 a6
9.e4 c5 10.e5 cxd4 11.Nxb5 axb5 12.exf6 Qb6 13.fxg7 Bxg7 14.O-O O-O 15.Re1 Bb7
16.Bf4 Bd5 17.Rc1 Rxa2 18.Ng5 h6 19.Nh7 Rfa8 20.Qg4 Kh8 21.Qh5 e5 22.Bxe5 Nxe5
23.Rxe5 Ra1 24.Ree1 Rxc1 25.Rxc1 Qd6 26.Nf6 Qf4 27.Re1 Bc6 28.Nd5 Qg5 29.Qxg5 hxg5
30.Ne7  1/2-1/2

[Event "WchT U26"]
[Site "Parnaiba"]
[Date "1995.??.??"]
[Round "?"]
[White "Kacheishvili, Giorgi"]
[Black "Sammalvuo, Tapani"]
[Result "1-0"]
[WhiteElo "2450"]
[BlackElo "2310"]

1.Nf3 Nf6 2.c4 c6 3.Nc3 d5 4.e3 e6 5.d4 Nbd7 6.Qc2 Bd6 7.Be2 O-O 8.O-O Qe7
9.b3 b6 10.e4 dxe4 11.Nxe4 Nxe4 12.Qxe4 Bb7 13.Bb2 Nf6 14.Qe3 c5 15.Ne5 cxd4
16.Bxd4 Rfd8 17.Bf3 Rac8 18.Rad1 Bxf3 19.Qxf3 Qc7 20.Rfe1 Bb4 21.Re3 Rxd4
22.Rxd4 Bc5 23.Rd7 Qb8 24.Qxf6  1-0

[Event "WchT U26"]
[Site "Parnaiba"]
[Date "1995.??.??"]
[Round "?"]
[White "Manninen, Marko"]
[Black "Supatashvili, Khvicha"]
[Result "1/2-1/2"]
[WhiteElo "2365"]
[BlackElo "2450"]

1.d4 d5 2.c4 c6 3.Nc3 Nf6 4.Nf3 e6 5.e3 Nbd7 6.Qc2 Bd6 7.Bd3 dxc4 8.Bxc4 O-O
9.O-O Qe7 10.h3 c5 11.dxc5 Bxc5 12.e4 Bd6 13.Qe2 Ne5 14.Nxe5 Bxe5 15.Bd2 Bd7
16.f4 Bd4+ 17.Kh1 Bc6 18.e5 Bxc3 19.Bxc3 Ne4 20.Be1 Rfd8 21.Bd3 Rd4 22.Qe3 Qd7
23.Be2 Qd5 24.Bf3 Rd3 25.Qxe4 Qxe4 26.Bxe4 Bxe4 27.Kh2 Rc8 28.Bc3 Bd5 29.a3 Rc4
30.f5 Re4 31.fxe6 Bxe6 32.Rad1 Rxd1  1/2-1/2

[Event "PER-ch43"]
[Site "PER"]
[Date "1995.??.??"]
[Round "3"]
[White "Cruz, Filemon"]
[Black "Belli, Mario"]
[Result "1/2-1/2"]
[WhiteElo "2405"]
[BlackElo "2410"]

1.d4 Nf6 2.c4 e6 3.Nc3 d5 4.Nf3 c6 5.e3 Nbd7 6.Bd3 Bd6 7.O-O O-O 8.e4 dxe4
9.Nxe4 Nxe4 10.Bxe4 h6  1/2-1/2

[Event "Petah Tiqwa"]
[Site "Petah Tiqwa"]
[Date "1995.??.??"]
[Round "?"]
[White "Kobrin, Michael"]
[Black "Krays, Alexander"]
[Result "0-1"]
[WhiteElo "2085"]
[BlackElo "2385"]

1.d4 d5 2.c4 c6 3.Nc3 Nf6 4.Nf3 e6 5.e3 Nbd7 6.Qc2 Bd6 7.g4 h6 8.Rg1 dxc4
9.Bxc4 b5 10.Be2 Bb7 11.Bd2 Rc8 12.g5 hxg5 13.Nxg5 Qe7 14.f4 b4 15.Nce4 Nxe4
16.Nxe4 Qh4+ 17.Rg3 Be7 18.Bf3 c5 19.dxc5 Nxc5 20.Nxc5 Bxf3 21.Bxb4 Qxg3+  0-1

[Event "World op"]
[Site "Philadelphia"]
[Date "1995.??.??"]
[Round "2"]
[White "Mc Clelland, Shearwood"]
[Black "Veach, Joseph"]
[Result "0-1"]
[WhiteElo "2140"]
[BlackElo "2275"]

1.d4 d5 2.c4 c6 3.Nf3 Nf6 4.Nc3 e6 5.e3 Nbd7 6.Qc2 Bd6 7.g4 Nxg4 8.Rg1 f5
9.h3 Ngf6 10.Rxg7 Ne4 11.Qe2 Qf6 12.Rg1 Nf8 13.Bd2 Bd7 14.O-O-O O-O-O 15.c5 Bc7
16.Ne1 e5 17.Nxe4 fxe4 18.Bc3 Ne6 19.Nc2 Rdf8 20.Rd2 exd4 21.Bxd4 Be5 22.b4 Bxd4
23.Nxd4 Nxd4 24.exd4 Rhg8 25.Rxg8 Rxg8 26.Qe3 Rg1 27.Rd1 Qg5 28.Kd2 Qxe3+
29.Kxe3 Rh1 30.Kf4 Bxh3 31.Be2 Rxd1 32.Bxd1 Kd7 33.Ke5 Ke7 34.b5 Bf1 35.bxc6 bxc6
36.Ba4 Kd7 37.Kf6 a5 38.Bd1 Bd3 39.Bg4+ Kc7 40.Bf5 Kb7 41.Bxh7 Bb1 42.a3 e3
43.fxe3 Bxh7 44.Ke5 Kc7 45.Ke6 Be4 46.Ke7 Kb7 47.Kd7 Bc2 48.Kd6 Ba4 49.Ke5 Ka6
50.e4 Bb3 51.a4 Kb7 52.exd5 Bxd5 53.Kd6 Kc8 54.Ke7 Kc7 55.Ke8 Bb3 56.Ke7 Bxa4
57.Ke6 Bb3+ 58.Ke5 a4 59.d5 a3  0-1

[Event "World op"]
[Site "Philadelphia"]
[Date "1995.??.??"]
[Round "5"]
[White "Levin, David"]
[Black "Trujillo, Omar"]
[Result "1-0"]
[WhiteElo "2255"]
[BlackElo "2270"]

1.d4 d5 2.c4 c6 3.Nf3 Nf6 4.Nc3 e6 5.e3 Nbd7 6.Bd3 dxc4 7.Bxc4 b5 8.Bd3 a6
9.e4 c5 10.e5 Nd5 11.Nxd5 exd5 12.Ng5 Be7 13.h4 cxd4 14.e6 Bb4+ 15.Kf1 Ne5
16.exf7+ Kf8 17.Nxh7+ Rxh7 18.Bxh7 d3 19.Bxd3 Qf6 20.Bg5 Qxf7 21.Rc1 Bg4
22.Be2 Bf5 23.Qd4 Bd6 24.h5 Re8 25.h6 gxh6 26.Rxh6 Ng6 27.Rh8+ Nxh8 28.Qxh8+ Qg8
29.Qf6+ Qf7 30.Qxd6+ Kg8 31.Rc7 Qe6 32.Qxe6+ Rxe6 33.Be3 Re4  1-0

[Event "World op"]
[Site "Philadelphia"]
[Date "1995.??.??"]
[Round "6"]
[White "Mc Clelland, Shearwood"]
[Black "Ash, Robert"]
[Result "0-1"]
[WhiteElo "2140"]
[BlackElo "2095"]

1.d4 d5 2.c4 c6 3.Nf3 Nf6 4.Nc3 e6 5.e3 Nbd7 6.Qc2 Bd6 7.g4 Nxg4 8.Rg1 f5
9.h3 Ngf6 10.Rxg7 Ne4 11.Bd2 Ndf6 12.Be2 Kf8 13.Rg2 Rg8 14.Rxg8+ Kxg8 15.O-O-O Bd7
16.Ne5 Qe7 17.f3 Nxc3 18.Bxc3 Kh8 19.Be1 Nh5 20.e4 Nf4 21.h4 Rg8 22.Qd2 Bxe5
23.dxe5 Nxe2+ 24.Qxe2 fxe4 25.fxe4 dxc4 26.Bd2 Qxh4 27.Qf3 Be8 28.Qf6+ Qxf6
29.exf6 h5 30.Bc3 Kh7 31.e5 Kg6 32.Kd2 Kf7 33.Rh1 Rg5 34.Ke3 c5 35.Kf4 Rg2
36.Ke3 Kg6 37.Rd1 h4 38.Rd8 Kf7 39.Kf3 Rg8 40.Rd2 Bc6+ 41.Kf4 h3 42.b4 Rg2
43.Rd8 h2 44.Rh8 Rc2 45.Rh7+ Kg8 46.f7+ Kf8 47.bxc5 h1=Q 48.Rxh1 Bxh1 49.c6 Bxc6
50.Bb4+ Kxf7  0-1

[Event "Portoroz op"]
[Site "Portoroz"]
[Date "1995.??.??"]
[Round "?"]
[White "Bukic, Enver"]
[Black "Burmakin, Vladimir"]
[Result "1/2-1/2"]
[WhiteElo "2445"]
[BlackElo "2555"]

1.d4 d5 2.c4 c6 3.Nc3 Nf6 4.e3 e6 5.Nf3 Nbd7 6.Qc2 Bd6 7.Be2 O-O 8.O-O Re8
9.h3 h6 10.Rd1 Qe7 11.a3 dxc4 12.Bxc4 e5 13.Nh4 Nf8 14.dxe5 Bxe5 15.Nf3 Bc7
16.b4 a5 17.b5 Qc5 18.Qb3 Qh5 19.a4 Bxh3 20.Bxf7+ Qxf7  1/2-1/2

[Event "Portoroz op"]
[Site "Portoroz"]
[Date "1995.??.??"]
[Round "?"]
[White "Djurkovic, Maks"]
[Black "Beletic, Daniel"]
[Result "0-1"]
[WhiteElo "2105"]
[BlackElo "1715"]

1.d4 d5 2.Nf3 Nf6 3.c4 e6 4.e3 c6 5.Nc3 Bd6 6.b3 Nbd7 7.Qc2 O-O 8.Bb2 Re8
9.O-O-O dxc4 10.bxc4 Qa5 11.h3 Ba3 12.g4 Rb8 13.Bd3 b5 14.c5 b4 15.Nb1 Nd5
16.Bc4 b3 17.axb3 Nb4 18.Qe2 Na2+ 19.Kc2 Nb4+ 20.Kc3 Nd5+ 21.Kd3 Rxb3+ 22.Bc3 Rxc3+
23.Nxc3 Qxc3+ 24.Ke4 N7f6+ 25.Ke5 Qa5  0-1

[Event "Portoroz op"]
[Site "Portoroz"]
[Date "1995.??.??"]
[Round "?"]
[White "Prestrl, R."]
[Black "Toefferl, Heimo"]
[Result "0-1"]
[WhiteElo "1880"]
[BlackElo "2165"]

1.c4 e6 2.d4 d5 3.Nc3 Nf6 4.e3 c6 5.Nf3 Bd6 6.b3 O-O 7.Be2 Nbd7 8.O-O b6
9.Bb2 Bb7 10.Qc2 Rc8 11.Rac1 Qe7 12.Rfd1 Rfd8 13.Qb1 Nf8 14.Ne5 Ne8 15.f4 Bb8
16.Na4 Nd7 17.c5 Nef6 18.Bf3 Nxe5 19.fxe5 Nd7 20.b4 Ba6 21.Bc3 f6 22.exf6 Qxf6
23.e4 Bf4 24.Rc2 dxe4 25.Be2 Bxe2 26.Rxe2 b5 27.Nb2 Qh6 28.g3 Be3+ 29.Kg2 Nf6
30.a4 a6 31.axb5 axb5 32.Bd2 Bxd2 33.Rdxd2 Rd5 34.Nd1 Qh5 35.Qb3 Re8 36.Qc3 Rf5
37.Re1 Nd5 38.Qb3 Rf3 39.Qb1 Qg5 40.Ra2 Nf4+ 41.Kg1 Nd3 42.Rxe4 Ref8 43.Qb3 Nxc5  0-1

[Event "Portoroz op"]
[Site "Portoroz"]
[Date "1995.??.??"]
[Round "?"]
[White "Beletic, Daniel"]
[Black "Sirnik, Bostjan"]
[Result "0-1"]
[WhiteElo "1715"]
[BlackElo "2090"]

1.d4 d5 2.Nf3 c6 3.c4 Nf6 4.Nc3 e6 5.e3 Nbd7 6.Bd3 dxc4 7.Bxc4 b5 8.Bb3 b4
9.Ne2 Bb7 10.Ng3 Ba6 11.Bd2 c5 12.Rc1 Be7 13.Bc4 Qa5 14.a3 Bxc4 15.Rxc4 Qa6
16.Qb3 Nb6 17.Rxc5 Bxc5 18.dxc5 bxa3 19.Qxa3 Qxa3 20.bxa3 Nc4 21.O-O Nxa3
22.Ne5 O-O 23.Ra1 Nb5 24.Ra5 Rfd8 25.Rxb5 Rxd2 26.Kf1 Nd7 27.Ne4 Rd5 28.Nxd7 Rxd7
29.Nd6 a5 30.c6 Rxd6 31.c7 Rf8  0-1

[Event "Pozarevac"]
[Site "Pozarevac"]
[Date "1995.??.??"]
[Round "4"]
[White "Milanovic, Danilo"]
[Black "Zontakh, Andrey"]
[Result "0-1"]
[WhiteElo "2300"]
[BlackElo "2460"]

1.d4 d5 2.c4 c6 3.Nf3 Nf6 4.Nc3 e6 5.e3 Nbd7 6.Bd3 dxc4 7.Bxc4 b5 8.Bd3 a6
9.e4 c5 10.e5 cxd4 11.Nxb5 axb5 12.exf6 gxf6 13.Nxd4 Qb6 14.Be3 Bb4+ 15.Kf1 Bc5
16.Nxb5 Bb7 17.a4 Rg8 18.Rg1 Bxe3 19.fxe3 Rg5 20.b4 Ne5 21.a5 Qxe3 22.Qe2 Qf4+  0-1

[Event "Pozarevac"]
[Site "Pozarevac"]
[Date "1995.??.??"]
[Round "12"]
[White "Gligoric, Svetozar"]
[Black "Ristovic, Ninad"]
[Result "1-0"]
[WhiteElo "2455"]
[BlackElo "2300"]

1.d4 d5 2.Nf3 c6 3.c4 e6 4.Nc3 Nf6 5.e3 Nbd7 6.Bd3 dxc4 7.Bxc4 b5 8.Bd3 Bb7
9.O-O a6 10.e4 c5 11.d5 c4 12.Bc2 Nc5 13.Re1 Be7 14.d6 Bf8 15.e5 Nd5 16.Ne4 Nxe4
17.Bxe4 h6 18.Nd4 Qd7 19.Bd2 g6 20.Qg4 Bg7 21.Qg3 O-O-O 22.b3 Kb8 23.bxc4 bxc4
24.Rab1 Ka8 25.Qa3 Rc8 26.Nb5 Bf8 27.Qa5 Qc6 28.Be3  1-0

[Event "CZE Tschechien-ch"]
[Site "Prague"]
[Date "1995.??.??"]
[Round "?"]
[White "Neuman, Petr"]
[Black "Vavra, Pavel"]
[Result "0-1"]
[WhiteElo "2155"]
[BlackElo "2355"]

1.d4 d5 2.Nf3 Nf6 3.c4 c6 4.Nc3 e6 5.e3 Nbd7 6.Qc2 Bd6 7.Be2 O-O 8.O-O dxc4
9.Bxc4 b5 10.Be2 Bb7 11.Rd1 Qc7 12.h3 a6 13.e4 e5 14.dxe5 Nxe5 15.Bg5 Ng6
16.Bxf6 gxf6 17.a3 a5 18.Nd4 Be5 19.Bf1 Kh8 20.Nce2 Rg8 21.Rac1 b4 22.g3 Nh4
23.Kh2 Rad8 24.Qb3 c5 25.f4 Bxd4 26.Rxd4 Rxd4 27.Nxd4 Bxe4 28.axb4 axb4 29.Qxb4 Qd6
30.Qxc5 Qxd4  0-1

[Event "Prague Mladi op"]
[Site "Prague"]
[Date "1995.??.??"]
[Round "3"]
[White "Cvek, Robert"]
[Black "Vavra, Pavel"]
[Result "1-0"]
[WhiteElo "2285"]
[BlackElo "2320"]

1.d4 d5 2.Nf3 Nf6 3.c4 c6 4.Nc3 e6 5.e3 Nbd7 6.Qc2 Bd6 7.Be2 O-O 8.O-O Re8
9.Rd1 Qe7 10.h3 b6 11.e4 dxe4 12.Nxe4 Nxe4 13.Qxe4 Bb7 14.Bf4 Bxf4 15.Qxf4 c5
16.Qc7 Rab8 17.dxc5 Nxc5 18.Qxe7 Rxe7 19.b4 Ne4 20.Rd3 e5 21.Nd2 Ng5 22.Nb3 Ne6
23.Rad1 Kf8 24.Bf1 Bc6 25.g3 Rc7 26.h4 g5 27.hxg5 Nxg5 28.Be2 Ke7 29.Re3 Kf6
30.Rd6+ Ne6 31.a3 Ke7 32.Rd2 f6 33.f4 e4 34.f5 Ng5 35.Nd4 Rd8 36.Nxc6+ Rxc6
37.Rxd8 Kxd8 38.Kf2 Kc7 39.Rc3 Kd6 40.Ke3 Ke5 41.g4 Nh3 42.Rc1 Nf4 43.Rd1 b5
44.c5 Nd5+ 45.Kd2 a6 46.Rh1 Rc7 47.Kc2 Nf4 48.Bf1 e3 49.a4 bxa4 50.Bxa6 Ke4
51.Kb2 Ra7 52.Bc4 e2 53.Ka3 Kd4 54.Rc1 Re7 55.c6 Nd3 56.Bxd3 Kxd3 57.b5 Kd2
58.Rh1 Rc7 59.Kxa4 e1=Q 60.Rxe1 Kxe1 61.Ka5 Kd2 62.Kb6 Rg7  1-0

[Event "Ptuj zt"]
[Site "Ptuj"]
[Date "1995.??.??"]
[Round "3"]
[White "Gostisa, Leon"]
[Black "Luther, Thomas"]
[Result "0-1"]
[WhiteElo "2420"]
[BlackElo "2550"]

1.d4 e6 2.Nf3 d5 3.c4 c6 4.e3 Nf6 5.Nc3 Nbd7 6.Be2 Bd6 7.O-O O-O 8.b3 Ne4
9.Nxe4 dxe4 10.Nd2 f5 11.f4 exf3 12.Nxf3 e5 13.c5 Bc7 14.Bc4+ Kh8 15.e4 b5
16.cxb6 Nxb6 17.Ba3 Nxc4 18.bxc4 Re8 19.Nxe5 Bxe5 20.dxe5 fxe4 21.Qxd8 Rxd8
22.Bd6 Be6 23.Rac1 Rd7 24.Rf4 Rb7 25.Rxe4 Rb2 26.a3 h6 27.Rf4 a5 28.Rc3 a4
29.Rg3 Kh7 30.Rc3 Ra7 31.h3 Rab7 32.Bb4 Re2 33.Bd6 Rb1+ 34.Kh2 Rb3 35.Rg3 Rc2
36.Re4 Rxc4 37.Rxc4 Bxc4 38.Rg4 Rc3 39.e6 Bxe6 40.Rxa4 Rc2 41.Kg1 Bd5 42.g3 g5
43.Rd4 Kg6 44.Bf8 Rg2+ 45.Kf1 Rxg3  0-1

[Event "Ptuj zt"]
[Site "Ptuj"]
[Date "1995.??.??"]
[Round "9"]
[White "Zueger, Beat"]
[Black "Luther, Thomas"]
[Result "1/2-1/2"]
[WhiteElo "2480"]
[BlackElo "2550"]

1.c4 e6 2.Nf3 d5 3.d4 Nf6 4.Nc3 c6 5.e3 Nbd7 6.Qc2 Bd6 7.Be2 O-O 8.O-O Re8
9.Rd1 b6 10.e4 Nxe4 11.Nxe4 dxe4 12.Qxe4 Qc7 13.Be3 Bb7 14.c5 bxc5 15.dxc5 Bf8
16.Ng5 Nf6 17.Qc2 h6 18.Ne4 Nd5 19.Bd2 f5 20.Ng3 g6 21.Nf1 Kh7 22.Ne3 Rad8
23.Rac1 e5 24.Nxd5 Rxd5 25.Bc4 Rd4 26.b4 Red8 27.Be3 R4d7 28.f3 Bc8 29.Bf2 Bg7
30.a4 Rxd1+ 31.Rxd1 e4 32.Rxd8 Qxd8 33.fxe4 fxe4 34.Qxe4 Qd1+ 35.Qe1 Qxa4
36.h4 a5 37.h5 Bf5 38.hxg6+ Bxg6 39.Qe6 Qd1+ 40.Be1 Bd4+ 41.Kh2 Qh5+ 42.Kg3 Qe5+
43.Qxe5 Bxe5+ 44.Kf3 a4 45.b5 cxb5 46.Bxb5 a3 47.Bc4 Bb1 48.c6 a2 49.Bc3 Bxc3
50.c7 a1=Q 51.c8=Q h5 52.Bd3+ Bxd3 53.Qd7+ Kh6 54.Qxd3 Qa8+ 55.Kf2 Qf8+ 56.Kg1 Qc5+
57.Kh1 Bd4 58.Qe2 Be3 59.Qb2 Bd4 60.Qd2+ Be3 61.Qb2 Kg6 62.Qb1+ Kg5 63.Qb2 Qe7
64.Qb3 Kh6 65.Qc4 Qf6 66.Qe4 Bf4 67.Qe1 Bd6 68.Kg1 Be5 69.Qd2+ Bf4 70.Qe1 Qd4+
71.Kh1 Be5 72.Qc1+ Kh7 73.Qb1+ Kh8 74.Qe1 Kg7 75.Qg3+ Kh6 76.Qe1 Qf4 77.g3 Qg5
78.Qe4 Bxg3 79.Qe6+ Kg7 80.Qd7+ Kf8 81.Qc8+ Ke7 82.Qb7+ Ke6 83.Qc8+ Kd5 84.Qb7+ Kd4
85.Qb2+ Ke4 86.Qg2+ Kf5 87.Qxg3  1/2-1/2

[Event "Ptuj zt"]
[Site "Ptuj"]
[Date "1995.??.??"]
[Round "11"]
[White "Zueger, Beat"]
[Black "Kortschnoj, Viktor"]
[Result "1/2-1/2"]
[WhiteElo "2480"]
[BlackElo "2635"]

1.c4 Nf6 2.Nc3 e6 3.Nf3 d5 4.d4 c6 5.e3 Nbd7 6.Qc2 Bd6 7.Be2 O-O 8.O-O Qe7
9.Rd1 dxc4 10.Bxc4 e5 11.Bb3 Nb6 12.dxe5 Bxe5 13.Nxe5 Qxe5 14.f3 Be6 15.Bxe6 Qxe6
16.e4 Rfe8 17.b3 Qe5 18.Be3 Rad8 19.Rxd8 Rxd8 20.Rd1 Rxd1+ 21.Qxd1 Nbd7 22.Bd4 Qa5
23.f4 c5 24.Bxf6 Nxf6 25.Qd3 h5 26.h3 h4 27.Qf3 c4 28.e5 Nh5 29.Qxh5 Qxc3
30.Qxh4 Qd4+ 31.Qf2 Qd1+ 32.Qf1 Qd4+ 33.Qf2  1/2-1/2

[Event "CRO-Cup"]
[Site "Pula"]
[Date "1995.??.??"]
[Round "3"]
[White "Loncar, Robert"]
[Black "Palac, Mladen"]
[Result "1/2-1/2"]
[WhiteElo "2385"]
[BlackElo "2545"]

1.Nf3 d5 2.c4 e6 3.e3 Nf6 4.Nc3 c6 5.d4 Nbd7 6.Qc2 Bd6 7.g4 Nxg4 8.Rg1 f5
9.h3 Ngf6 10.Rxg7 Ne4 11.Bd2 Qf6 12.Rg2 Nf8 13.O-O-O Ng6 14.Be1 Bd7 15.Kb1 O-O-O
16.cxd5 Nxc3+ 17.Bxc3 exd5 18.Ne5 Nxe5 19.dxe5 Bxe5 20.Ba5 Bc7 21.Bc3 Be5
22.Ba5 Bc7 23.Bc3  1/2-1/2

[Event "Radviliskis op"]
[Site "Radviliskis"]
[Date "1995.??.??"]
[Round "7"]
[White "Sakalauskas, Vaidas"]
[Black "Stasiunaite, Lina"]
[Result "1-0"]
[WhiteElo "2320"]
[BlackElo "2165"]

1.d4 d5 2.c4 c6 3.Nc3 Nf6 4.e3 e6 5.Nf3 Nbd7 6.Bd3 dxc4 7.Bxc4 b5 8.Bd3 a6
9.e4 c5 10.d5 c4 11.dxe6 fxe6 12.Bc2 Qc7 13.O-O Bb7 14.Qe2 O-O-O 15.Nd4 Qb6
16.Nf3 Qc7 17.a4 b4 18.Nd1 Bc5 19.Be3 Nxe4 20.Qxc4 Bxe3 21.Nxe3 Qxc4 22.Nxc4 Ndc5
23.Rac1 Kb8 24.Na5 Nd2 25.Nxd2 Rxd2 26.Nxb7 Kxb7 27.Bd1 Rhd8 28.a5 Nd3 29.Bf3+ Kb8
30.Rc6 Nxb2 31.Rb6+ Kc7 32.Rxb4 Rb8 33.Rc1+  1-0

[Event "Recklinghausen"]
[Site "Recklinghausen"]
[Date "1995.??.??"]
[Round "5"]
[White "Galonska, Joern"]
[Black "Hoefker, Mathias"]
[Result "0-1"]
[WhiteElo "2185"]
[BlackElo "2305"]

1.d4 d5 2.c4 c6 3.Nc3 Nf6 4.Nf3 e6 5.e3 Nbd7 6.Bd3 dxc4 7.Bxc4 b5 8.Bd3 a6
9.e4 c5 10.d5 c4 11.dxe6 fxe6 12.Bc2 Qc7 13.O-O Bc5 14.Qe2 Ne5 15.Kh1 Nxf3
16.Qxf3 Bb7 17.Qh3 e5 18.f4 Qd7 19.Qg3 Qg4 20.Qe1 O-O-O 21.f5 Qh5 22.Rf3 Rd7
23.Be3 Bd4 24.Bg1 Rhd8 25.a4 b4 26.Nd1 a5 27.Rc1 Kb8 28.Bxd4 exd4 29.Qg3+ Ka7
30.Qe5 Ng4 31.Qxa5+ Kb8 32.h3 d3 33.Bxd3 Rxd3 34.Rxd3 Rxd3 35.Kg1 Qe8 36.Nf2 Nxf2
37.Kxf2 Qxe4  0-1